New Testament history. (Record no. 5022)

000 -LEADER
fixed length control field 00569nam a2200181 a 4500
001 - CONTROL NUMBER
control field :::00002763$&:&@@
003 - CONTROL NUMBER IDENTIFIER
control field OkBaRHE
005 - DATE AND TIME OF LATEST TRANSACTION
control field 20000607103257.0
008 - FIXED-LENGTH DATA ELEMENTS--GENERAL INFORMATION
fixed length control field s1922 j 000 0 eng u
040 ## - CATALOGING SOURCE
Transcribing agency
100 1# - MAIN ENTRY--PERSONAL NAME
Personal name Wade, J. H.
245 10 - TITLE STATEMENT
Title New Testament history.
260 ## - PUBLICATION, DISTRIBUTION, ETC. (IMPRINT)
Place of publication, distribution, etc London, UK:EN., :
Name of publisher, distributor, etc Methuen & Co., Ltd.
Date of publication, distribution, etc c1922
300 ## - PHYSICAL DESCRIPTION
Extent 690 p. : illus. ;
Dimensions 23 cm.
650 ## - SUBJECT ADDED ENTRY--TOPICAL TERM
Topical term or geographic name as entry element Bible New Testament
General subdivision History of Biblical Events
942 ## - ADDED ENTRY ELEMENTS (KOHA)
Source of classification or shelving scheme
Koha item type Books
Copies
Source of classification or shelving scheme Withdrawn status Total Renewals Current Location Date last seen Shelving location Damaged status Permanent Location Lost status Total Checkouts Barcode Price effective from Koha item type Date checked out Copy number Not for loan Date acquired Full call number
  1RHEMA Bible Training College2018-03-16General Stacks RHEMA Bible Training College 127632010-04-14Books2015-09-291 2010-04-14BS 2410 .W28N4